Así es Amancio Ortega, el hombre que creó Zara (Registro nro. 184257)

Detalles MARC
000 -LEADER
campo de control de longitud fija 01058nam a2200265 i 4500
001 - NÚMERO DE CONTROL
campo de control 184257
003 - IDENTIFICADOR DE NÚMERO DE CONTROL
campo de control ES-MaACL
005 - FECHA Y HORA DE LA ÚLTIMA TRANSACCIÓN
campo de control 20251120140918.0
008 - DATOS DE LONGITUD FIJA--INFORMACIÓN GENERAL
campo de control de longitud fija 150601s2011 sp bdfo |||| |dspa d
080 ## - NÚMERO DE LA CLASIFICACIÓN DECIMAL UNIVERSAL
Número de la Clasificación Decimal Universal 929 Ortega Gaona, Amancio
080 ## - NÚMERO DE LA CLASIFICACIÓN DECIMAL UNIVERSAL
Número de la Clasificación Decimal Universal 687.1:061.5(460.11 C.)(091)
100 1# - ENTRADA PRINCIPAL--NOMBRE DE PERSONA
Nombre de persona O'Shea, Covadonga.
9 (RLIN) 86367
245 10 - MENCIÓN DEL TÍTULO
Título Así es Amancio Ortega, el hombre que creó Zara
Resto del título : lo que me contó de su vida y de su empresa /
Mención de responsabilidad, etc. Covadonga O'Shea.
250 ## - MENCION DE EDICION
Mención de edición Ed. especial de venta conjunta con la revista Actualidad Económica.
260 ## - PUBLICACIÓN, DISTRIBUCIÓN, ETC.
Lugar de publicación, distribución, etc. [Madrid :
Nombre del editor, distribuidor, etc. Actualidad Económica],
Fecha de publicación, distribución, etc. 2011.
300 ## - DESCRIPCIÓN FÍSICA
Extensión 277 p., [32] p. de lám. col., fot. :
Otras características físicas gráf., mapa ;
Dimensiones 24 cm.
500 ## - NOTA GENERAL
Nota general Índice onomástico.
600 17 - PUNTO DE ACCESO ADICIONAL DE MATERIA--NOMBRE DE PERSONA
Nombre de persona Ortega Gaona, Amancio,
Fechas asociadas al nombre 1936-
Fuente del encabezamiento o término
9 (RLIN) 156936
610 27 - PUNTO DE ACCESO ADICIONAL DE MATERIA--NOMBRE DE ENTIDAD CORPORATIVA
Nombre de entidad corporativa o nombre de jurisdicción como elemento de entrada Inditex-
Subdivisión de forma Historia.
9 (RLIN) 156937
610 24 - PUNTO DE ACCESO ADICIONAL DE MATERIA--NOMBRE DE ENTIDAD CORPORATIVA
Nombre de entidad corporativa o nombre de jurisdicción como elemento de entrada Zara (Firma)
9 (RLIN) 156938
852 ## - LOCALIZACIÓN
Ubicación ES-MaACL
Número de control de estantería A-13513
itemnumber 191242
Sublocalización o colección R.150386
Ubicación en estantería Depósito 1
Signatura antigua Olim: N-6513
Donativo/Legado Donación: Roberto Terán
903 ## - NOMBRE PERSONAL DE DONANTE
9 234544
a Terán Martínez, Roberto
e Donante
942 ## - ELEMENTOS DE ENTRADA SECUNDARIOS (KOHA)
Fuente del sistema de clasificación o colocación Clasificación decimal universal
Tipo de ítem Koha Libro impreso
Existencias
Estatus retirado Estado de pérdida Fuente del sistema de clasificación o colocación Estado de daño No para préstamo Biblioteca de origen Biblioteca actual Ubicación en estantería Fecha de adquisición Fuente de adquisición Total de préstamos Signatura topográfica completa Código de barras Visto por última vez Precio de reemplazo Tipo de ítem Koha
    Clasificación decimal universal     Biblioteca del Ateneo de Madrid Biblioteca del Ateneo de Madrid Depósito 1 01/06/2015 Donación   A-13513 1193819 23/02/2023 23/02/2023 Libro impreso